000 00486nam a2200193Ia 4500
008 240510s9999 xx 000 0 und d
020 _a0000947885129
041 _aEng
082 _a371.396
082 _bH11
100 _aHABESHAW , S. (et-al)
245 0 _a53 INTERESTING WAYS TO ASSESS YOUR STUDENTS
260 _bTECHNICAL AND EDUCATIONAL SERVICES : UK
260 _c1995
300 _a191 p.
650 _aTEACHING METHODS : MANAGEMENT
942 _2ddc
942 _cRBK
999 _c26349
_d26349
945 _a1
_bMadushi Gamage
_c1
_dMadushi Gamage